[Event "Bunratty Masters 2020"]
[Site "Bunratty IRL"]
[Date "2020.02.21"]
[Round "1.21"]
[White "Wall, Tim"]
[Black "Ireland, David"]
[Result "1/2-1/2"]
[WhiteTitle "FM"]
[WhiteElo "2201"]
[BlackElo "1969"]
[WhiteNationality "ENG"]
[BlackNationality "ENG"]
[WhiteFideId "401641"]
[BlackFideId "413178"]
[PlyCount "92"]
[EventDate "2020.02.21"]

{ Event information: <a
href="http://www.irlchess.com/bunratty2020_allfiles/pairings_bunratty2020.html">Tournament
report</a>. }

1. d4 Nf6 2. Nc3 d5 3. Bf4 Bf5 4. f3 e6 5. g4 Bg6 6. h4 h5 7. g5 Nfd7 8. e4
c6 9. Qd2 Bb4 10. Bd3 O-O 11. O-O-O e5 12. Bxe5 Nxe5 13. dxe5 dxe4 14. Bxe4
Qxd2+ 15. Rxd2 Bxc3 16. bxc3 Bxe4 17. fxe4 Na6 18. Nf3 Rad8 19. Rd6 Nc5 20.
Re1 g6 21. Kd2 Rde8 22. Ke3 Re7 23. Red1 Rfe8 24. Rd8 Kf8 25. Rxe8+ Kxe8
26. Rd6 Rd7 27. Nd4 Re7 28. Kf4 Ne6+ 29. Nxe6 Rxe6 30. Rd4 Ke7 31. Ra4 a6
32. Rb4 b5 33. c4 c5 34. Rb3 b4 35. c3 a5 36. cxb4 cxb4 37. a3 Rb6 38. axb4
axb4 39. Ke3 Ke6 40. Kd4 Rb8 41. Kc5 Kxe5 42. Rxb4 Rc8+ 43. Kb5 Rb8+ 44.
Ka4 Ra8+ 45. Kb3 Kxe4 46. Rb7 Rf8 1/2-1/2

[Event "Bunratty Masters 2020"]
[Site "Bunratty IRL"]
[Date "2020.02.21"]
[Round "1.22"]
[White "Kennedy, John P. A."]
[Black "Fromm, Marius"]
[Result "0-1"]
[WhiteElo "2041"]
[BlackElo "2189"]
[WhiteICU "1991"]
[WhiteClub "Dublin"]
[WhiteNationality "IRL"]
[BlackNationality "GER"]
[WhiteFideId "2501120"]
[BlackFideId "12993190"]
[PlyCount "76"]
[EventDate "2020.02.21"]

{ Event information: <a
href="http://www.irlchess.com/bunratty2020_allfiles/pairings_bunratty2020.html">Tournament
report</a>. }

1. Nf3 Nf6 2. g3 d5 3. Bg2 e6 4. O-O Be7 5. d4 O-O 6. c4 dxc4 7. Nc3 Nbd7
8. e4 a6 9. a4 Rb8 10. Bf4 Nh5 11. Be3 b5 12. axb5 axb5 13. d5 e5 14. Nd2
Nhf6 15. f4 Re8 16. f5 Bc5 17. Qf3 Qe7 18. Nd1 Bb7 19. g4 h6 20. h4 Nh7 21.
Qg3 c6 22. dxc6 Bxc6 23. Kh1 f6 24. Rg1 Red8 25. Nf2 Bxe3 26. Qxe3 Nc5 27.
Nf3 Nd3 28. Nh3 Nxb2 29. g5 hxg5 30. hxg5 Nxg5 31. Nhxg5 fxg5 32. Nxg5 Rd3
33. Qc1 Rd6 34. Bh3 Nd3 35. Qe3 Nf4 36. Ra7 Bb7 37. Qc5 Nxh3 38. Nxh3 Bxe4+
0-1

[Event "Bunratty Masters 2020"]
[Site "Bunratty IRL"]
[Date "2020.02.21"]
[Round "1.24"]
[White "Murphy, Sean J."]
[Black "Pein, Jonathan"]
[Result "0-1"]
[WhiteElo "1976"]
[BlackElo "2160"]
[WhiteICU "1985"]
[WhiteClub "Cork"]
[WhiteNationality "IRL"]
[BlackNationality "ENG"]
[WhiteFideId "2512742"]
[BlackFideId "417092"]
[PlyCount "90"]
[EventDate "2020.02.21"]
[WhiteFullName "Murphy, Se&aacute;n J."]

{ Event information: <a
href="http://www.irlchess.com/bunratty2020_allfiles/pairings_bunratty2020.html">Tournament
report</a>. }

1. Nf3 g6 2. g3 Bg7 3. d4 Nf6 4. Bg2 O-O 5. O-O c6 6. c4 d6 7. Nc3 Qb6 8.
b3 e5 9. Bb2 e4 10. Nd2 e3 11. fxe3 Ng4 12. Rf3 Nxe3 13. Na4 Nxd1 14. Nxb6
axb6 15. Rxd1 Rxa2 16. Bc3 Re8 17. Rf2 Rc2 18. Ne4 Rxe4 19. Bxe4 Rxc3 20.
Rf3 Rxf3 21. Bxf3 Na6 22. e3 Kf8 23. Rb1 Bf5 24. Ra1 Bh6 25. Kf2 Ke7 26.
Bxc6 Nb4 27. Bxb7 Bxe3+ 28. Ke2 Bxd4 29. Ra4 Bc5 30. Kd2 h5 31. Kc3 Nd3 32.
Bd5 Ne5 33. Ra7+ Kf6 34. Ra6 Kg5 35. Ra2 Kg4 36. b4 Bg1 37. Rg2 Be3 38. Re2
Bh6 39. c5 dxc5 40. b5 Bg7 41. Kb3 Bd3 42. Rf2 Bxb5 43. Bxf7 Nxf7 44. Rxf7
Bd4 45. Kc2 Kh3 0-1

[Event "Bunratty Masters 2020"]
[Site "Bunratty IRL"]
[Date "2020.02.21"]
[Round "1.25"]
[White "Machin, Guillaume"]
[Black "Fox, Anthony"]
[Result "1-0"]
[WhiteTitle "CM"]
[WhiteElo "2159"]
[BlackElo "2001"]
[BlackICU "1968"]
[BlackClub "Dun Laoghaire"]
[WhiteNationality "FRA"]
[BlackNationality "IRL"]
[WhiteFideId "616648"]
[BlackFideId "2500736"]
[PlyCount "63"]
[EventDate "2020.02.21"]

{ Event information: <a
href="http://www.irlchess.com/bunratty2020_allfiles/pairings_bunratty2020.html">Tournament
report</a>. }

1. Nf3 d5 2. b3 Nf6 3. Bb2 e6 4. g3 Be7 5. Bg2 O-O 6. O-O c5 7. c4 Nc6 8.
e3 d4 9. exd4 cxd4 10. Re1 Re8 11. a3 a5 12. Ne5 Nxe5 13. Rxe5 Nd7 14. Rb5
Nc5 15. b4 Nd3 16. Qb3 Nxb2 17. Qxb2 Qc7 18. d3 e5 19. c5 Ra7 20. Nd2 Bd7
21. Rb6 Rea8 22. bxa5 Qxc5 23. Rxb7 Rxb7 24. Qxb7 Ra7 25. Qb8+ Bf8 26. Nb3
Qc7 27. Qb6 Be6 28. Rc1 Qd7 29. Nc5 Bxc5 30. Rxc5 f6 31. a6 Qe7 32. Bb7 1-0

[Event "Bunratty Masters 2020"]
[Site "Bunratty IRL"]
[Date "2020.02.22"]
[Round "2.1"]
[White "Kanyamarala, Trisha"]
[Black "Short, Nigel"]
[Result "0-1"]
[WhiteTitle "WFM"]
[BlackTitle "GM"]
[WhiteElo "2299"]
[BlackElo "2626"]
[WhiteICU "2197"]
[WhiteClub "Balbriggan"]
[WhiteNationality "IRL"]
[BlackNationality "ENG"]
[WhiteFideId "45004722"]
[BlackFideId "400025"]
[PlyCount "94"]
[EventDate "2020.02.21"]

{ Event information: <a
href="http://www.irlchess.com/bunratty2020_allfiles/pairings_bunratty2020.html">Tournament
report</a>. }

1. d4 e6 2. c4 b6 3. e4 Bb7 4. Nc3 Bb4 5. Bd3 f5 6. d5 fxe4 7. Bxe4 Nf6 8.
Bf3 Bxc3+ 9. bxc3 O-O 10. Ne2 e5 11. Ng3 d6 12. O-O Nbd7 13. Be3 Rf7 14.
Qc2 Qf8 15. Be2 Re8 16. Rae1 c6 17. dxc6 Bxc6 18. f3 Nc5 19. Qd2 Rd7 20.
Rd1 Red8 21. Qc1 Qf7 22. f4 Nce4 23. Nxe4 Bxe4 24. Rf2 Qg6 25. Qa3 Ng4 26.
Bxg4 Qxg4 27. Rdd2 h6 28. Qb4 Qg6 29. a4 Bc6 30. a5 Qe4 31. Rde2 bxa5 32.
Qxa5 Qxc4 33. fxe5 dxe5 34. h3 Bd5 35. Bd2 Re8 36. Bc1 Re6 37. Bd2 Kh7 38.
Qa1 Rb7 39. Re1 Rbe7 40. Be3 a6 41. Qb1+ Be4 42. Qa1 Rg6 43. Qb2 a5 44. Qa3
Rf7 45. Ree2 Bxg2 46. Rxg2 Qxe2 47. Rxg6 Rf1# 0-1

[Event "Bunratty Masters 2020"]
[Site "Bunratty IRL"]
[Date "2020.02.22"]
[Round "2.2"]
[White "Turner, Matthew"]
[Black "Fitzsimons, David"]
[Result "1/2-1/2"]
[WhiteTitle "GM"]
[BlackTitle "IM"]
[WhiteElo "2516"]
[BlackElo "2328"]
[BlackICU "2341"]
[BlackClub "Elm Mount"]
[WhiteNationality "SCO"]
[BlackNationality "IRL"]
[WhiteFideId "402893"]
[BlackFideId "2501961"]
[PlyCount "94"]
[EventDate "2020.02.21"]

{ Event information: <a
href="http://www.irlchess.com/bunratty2020_allfiles/pairings_bunratty2020.html">Tournament
report</a>. }

1. d4 Nf6 2. Nc3 d5 3. Bf4 e6 4. e3 Bb4 5. Ne2 O-O 6. a3 Be7 7. Nc1 b6 8.
Be2 Ba6 9. Bxa6 Nxa6 10. O-O c5 11. Nd3 Nb8 12. Ne5 Qc8 13. Qf3 Nc6 14.
Rad1 Nd7 15. Nxc6 Qxc6 16. e4 dxe4 17. Qxe4 Qxe4 18. Nxe4 cxd4 19. Rxd4 Nf6
20. Bg5 e5 21. Rd3 Nxe4 22. Bxe7 Rfc8 23. Rfd1 f6 24. f3 Nc5 25. Bxc5 Rxc5
26. c3 Rc7 27. Rd7 Rac8 28. Kf2 Kf8 29. h4 h5 30. Rxc7 Rxc7 31. Rd8+ Kf7
32. Rh8 Kg6 33. g3 Rd7 34. Ke2 f5 35. Rc8 Kf7 36. c4 Ke6 37. c5 bxc5 38.
Rxc5 Rd4 39. Rc7 f4 40. gxf4 Rxf4 41. Rxg7 Rxh4 42. b4 a5 43. bxa5 Ra4 44.
a6 Rxa3 45. a7 h4 46. Rh7 h3 47. Rxh3 Kd5 1/2-1/2

[Event "Bunratty Masters 2020"]
[Site "Bunratty IRL"]
[Date "2020.02.22"]
[Round "2.3"]
[White "Brady, Stephen"]
[Black "Williams, Simon"]
[Result "1/2-1/2"]
[WhiteTitle "FM"]
[BlackTitle "GM"]
[WhiteElo "2288"]
[BlackElo "2473"]
[WhiteICU "2268"]
[WhiteClub "St. Benildus"]
[WhiteNationality "IRL"]
[BlackNationality "ENG"]
[WhiteFideId "2500124"]
[BlackFideId "468533"]
[PlyCount "101"]
[EventDate "2020.02.21"]

{ Event information: <a
href="http://www.irlchess.com/bunratty2020_allfiles/pairings_bunratty2020.html">Tournament
report</a>. }

1. e4 e6 2. d4 d5 3. Nd2 Nf6 4. Bd3 c5 5. c3 cxd4 6. cxd4 dxe4 7. Nxe4 Nxe4
8. Bxe4 Bb4+ 9. Bd2 Bxd2+ 10. Qxd2 Nd7 11. Ne2 Nf6 12. Bf3 O-O 13. O-O Rb8
14. Rfd1 b6 15. d5 exd5 16. Nc3 Be6 17. Nxd5 Bxd5 18. Bxd5 Qe7 19. Bf3 Rfd8
20. Qe2 Qxe2 21. Bxe2 Kf8 22. Kf1 Rxd1+ 23. Rxd1 Rc8 24. Ke1 Ke7 25. Bf3 g5
26. g3 Rc5 27. Rd4 Ke6 28. h4 h6 29. hxg5 hxg5 30. Kd2 Ke5 31. Rd8 Rc7 32.
a3 Ne4+ 33. Ke3 Nd6 34. Be2 Rc2 35. f4+ gxf4+ 36. gxf4+ Ke6 37. Ra8 a5 38.
b4 axb4 39. axb4 Rb2 40. b5 Nxb5 41. Bc4+ Ke7 42. Kd3 Nd6 43. Ra7+ Kf6 44.
Bd5 Rb1 45. Kc2 Rb5 46. Ba2 Rb4 47. Rd7 Rd4 48. Bxf7 Nf5 49. Rxd4 Nxd4+ 50.
Kd3 Nb5 51. Be8 1/2-1/2

[Event "Bunratty Masters 2020"]
[Site "Bunratty IRL"]
[Date "2020.02.22"]
[Round "2.4"]
[White "Paehtz, Elisabeth"]
[Black "Connell, Blair"]
[Result "1-0"]
[WhiteTitle "IM"]
[WhiteElo "2472"]
[BlackElo "2238"]
[WhiteNationality "GER"]
[BlackNationality "ENG"]
[WhiteFideId "4641833"]
[BlackFideId "403725"]
[PlyCount "72"]
[EventDate "2020.02.21"]
[WhiteFullName "P&auml;htz, Elisabeth"]

{ Event information: <a
href="http://www.irlchess.com/bunratty2020_allfiles/pairings_bunratty2020.html">Tournament
report</a>. }

1. d4 d6 2. Nf3 Nf6 3. c3 Nbd7 4. Bg5 h6 5. Bh4 g5 6. Bg3 Nh5 7. e4 Bg7 8.
Na3 e6 9. Nd2 Nxg3 10. hxg3 Nb6 11. Nc2 Bd7 12. Ne3 Qe7 13. Bd3 O-O-O 14.
a4 Kb8 15. a5 Nc8 16. Qb3 Ka8 17. a6 b6 18. O-O-O Qe8 19. Rde1 Kb8 20. Ndc4
Ne7 21. Qa3 Bc8 22. Kc2 Qd7 23. Be2 Rhe8 24. Nd2 f5 25. exf5 exf5 26. Qb3
f4 27. Bg4 Qc6 28. Bf3 Qd7 29. gxf4 gxf4 30. Nd5 Nxd5 31. Qxd5 Qf5+ 32.
Qxf5 Bxf5+ 33. Kc1 Bc8 34. Rxe8 Rxe8 35. Rh4 Rf8 36. Bc6 Bxa6 1-0

[Event "Bunratty Masters 2020"]
[Site "Bunratty IRL"]
[Date "2020.02.22"]
[Round "2.5"]
[White "Baker, Chris W."]
[Black "Arkell, Keith"]
[Result "1/2-1/2"]
[WhiteTitle "IM"]
[BlackTitle "GM"]
[WhiteElo "2234"]
[BlackElo "2454"]
[WhiteNationality "ENG"]
[BlackNationality "ENG"]
[WhiteFideId "401676"]
[BlackFideId "400270"]
[PlyCount "30"]
[EventDate "2020.02.21"]

{ Event information: <a
href="http://www.irlchess.com/bunratty2020_allfiles/pairings_bunratty2020.html">Tournament
report</a>. }

1. d4 d5 2. c4 c6 3. Nf3 Nf6 4. Nc3 g6 5. cxd5 cxd5 6. Bf4 Nc6 7. e3 Bg7 8.
Be2 O-O 9. h3 Ne4 10. Rc1 Nxc3 11. Rxc3 e6 12. Ne5 Nxe5 13. dxe5 Bd7 14.
O-O Qb6 15. Qd2 Rfc8 1/2-1/2

[Event "Bunratty Masters 2020"]
[Site "Bunratty IRL"]
[Date "2020.02.22"]
[Round "2.6"]
[White "Lopez, Alex"]
[Black "Fromm, Marius"]
[Result "1/2-1/2"]
[WhiteTitle "IM"]
[WhiteElo "2441"]
[BlackElo "2189"]
[WhiteICU "2453"]
[WhiteClub "Cork"]
[WhiteNationality "IRL"]
[BlackNationality "GER"]
[WhiteFideId "2501430"]
[BlackFideId "12993190"]
[PlyCount "101"]
[EventDate "2020.02.21"]

{ Event information: <a
href="http://www.irlchess.com/bunratty2020_allfiles/pairings_bunratty2020.html">Tournament
report</a>. }

1. Nf3 Nf6 2. g3 c5 3. Bg2 Nc6 4. O-O g6 5. d4 cxd4 6. Nxd4 Bg7 7. c4 O-O
8. Nc3 Ng4 9. e3 d6 10. b3 Nxd4 11. exd4 Nh6 12. Bb2 Nf5 13. Ne2 Rb8 14.
Qc1 Bd7 15. Re1 Re8 16. d5 b5 17. Bxg7 Kxg7 18. Qb2+ Kg8 19. cxb5 Rxb5 20.
Nd4 Nxd4 21. Qxd4 Qb6 22. Qh4 Rb4 23. Qg5 Qd8 24. Rac1 a5 25. h4 a4 26. Rc4
Rxc4 27. bxc4 e6 28. Qd2 exd5 29. Bxd5 Rxe1+ 30. Qxe1 Qf6 31. Qe3 Kg7 32.
Qa7 Be8 33. Kg2 Qe5 34. a3 h6 35. Qb8 g5 36. hxg5 hxg5 37. Qc7 Kg6 38. Bf3
Kg7 39. Bb7 Kg6 40. Bd5 Kg7 41. Bf3 Kg6 42. Qb8 Qe7 43. Qa8 Kg7 44. Bc6
Bxc6+ 45. Qxc6 Qe5 46. Qxa4 Qe4+ 47. Kh2 Qh7+ 48. Kg1 Qb1+ 49. Kg2 Qe4+ 50.
Kf1 d5 51. Qb3 1/2-1/2

[Event "Bunratty Masters 2020"]
[Site "Bunratty IRL"]
[Date "2020.02.22"]
[Round "2.7"]
[White "Pein, Jonathan"]
[Black "Baburin, Alexander"]
[Result "1/2-1/2"]
[BlackTitle "GM"]
[WhiteElo "2160"]
[BlackElo "2418"]
[BlackICU "2386"]
[BlackClub "Kilkenny"]
[WhiteNationality "ENG"]
[BlackNationality "IRL"]
[WhiteFideId "417092"]
[BlackFideId "2500914"]
[PlyCount "50"]
[EventDate "2020.02.21"]

{ Event information: <a
href="http://www.irlchess.com/bunratty2020_allfiles/pairings_bunratty2020.html">Tournament
report</a>. }

1. e4 Nf6 2. Nc3 d5 3. e5 Nfd7 4. Nxd5 Nxe5 5. Ne3 c5 6. b3 g6 7. Bb2 Bg7
8. Nc4 Nbc6 9. Nf3 Nxf3+ 10. Qxf3 Bxb2 11. Nxb2 Nd4 12. Qd1 Qd5 13. Nc4 Bg4
14. Ne3 Qe5 15. f3 Nxc2+ 16. Kf2 Nxa1 17. Nxg4 Qd4+ 18. Ne3 O-O-O 19. Be2
f6 20. Qxa1 Qxa1 21. Rxa1 Rxd2 22. Nc4 Rd4 23. Rc1 Kb8 24. g3 g5 25. a4 e5
1/2-1/2

[Event "Bunratty Masters 2020"]
[Site "Bunratty IRL"]
[Date "2020.02.22"]
[Round "2.8"]
[White "Hort, Vlastimil"]
[Black "Machin, Guillaume"]
[Result "1-0"]
[WhiteTitle "GM"]
[BlackTitle "CM"]
[WhiteElo "2400"]
[BlackElo "2159"]
[WhiteNationality "GER"]
[BlackNationality "FRA"]
[WhiteFideId "4600029"]
[BlackFideId "616648"]
[PlyCount "85"]
[EventDate "2020.02.21"]

{ Event information: <a
href="http://www.irlchess.com/bunratty2020_allfiles/pairings_bunratty2020.html">Tournament
report</a>. }

1. d4 e6 2. c4 f5 3. g3 Nf6 4. Bg2 Be7 5. Nc3 O-O 6. Nh3 d6 7. Nf4 c6 8.
Nd3 Qc7 9. Bf4 Nbd7 10. h3 e5 11. Be3 Kh8 12. Qb3 exd4 13. Bxd4 Ne5 14. f4
Nxd3+ 15. exd3 Be6 16. a4 Rfe8 17. O-O Nd7 18. Rfe1 Bg8 19. Bf2 Bf6 20. Qa3
Nc5 21. Red1 Nd7 22. a5 h6 23. b4 g5 24. Qc1 Nf8 25. a6 b6 26. Ra3 Rac8 27.
b5 c5 28. Bc6 Re7 29. Rf1 Rg7 30. Kh2 Ng6 31. Ne2 d5 32. cxd5 Qd6 33. fxg5
hxg5 34. d4 c4 35. Rf3 Nh4 36. Rc3 Rxc6 37. dxc6 Bd5 38. Be3 Nf3+ 39. Rxf3
Bxf3 40. Rxc4 Qc7 41. Nf4 Rh7 42. Qf1 g4 43. d5 1-0

[Event "Bunratty Masters 2020"]
[Site "Bunratty IRL"]
[Date "2020.02.22"]
[Round "2.9"]
[White "Wallace, Paul"]
[Black "Lalic, Bogdan"]
[Result "1/2-1/2"]
[BlackTitle "GM"]
[WhiteElo "2155"]
[BlackElo "2400"]
[WhiteICU "2145"]
[WhiteClub "Kilkenny"]
[WhiteNationality "IRL"]
[BlackNationality "CRO"]
[WhiteFideId "2500892"]
[BlackFideId "409081"]
[PlyCount "30"]
[EventDate "2020.02.21"]
[BlackFullName "Lali&#263;, Bogdan"]

{ Event information: <a
href="http://www.irlchess.com/bunratty2020_allfiles/pairings_bunratty2020.html">Tournament
report</a>. }

1. e4 e6 2. d4 d5 3. Nd2 Nc6 4. Ngf3 Nf6 5. e5 Nd7 6. Be2 Be7 7. b3 O-O 8.
O-O f6 9. Bb2 fxe5 10. dxe5 Nc5 11. Bb5 Bd7 12. Qe2 Qe8 13. c4 Nb4 14. Ba3
a5 15. Bxd7 Qxd7 1/2-1/2

[Event "Bunratty Masters 2020"]
[Site "Bunratty IRL"]
[Date "2020.02.22"]
[Round "2.10"]
[White "Bates, Richard"]
[Black "Reyer, Ulli"]
[Result "1-0"]
[WhiteTitle "IM"]
[WhiteElo "2366"]
[BlackElo "2092"]
[WhiteNationality "ENG"]
[BlackNationality "GER"]
[WhiteFideId "403555"]
[BlackFideId "4633350"]
[PlyCount "49"]
[EventDate "2020.02.21"]

{ Event information: <a
href="http://www.irlchess.com/bunratty2020_allfiles/pairings_bunratty2020.html">Tournament
report</a>. }

1. d4 d5 2. c4 e6 3. Nf3 Nf6 4. g3 dxc4 5. Bg2 c5 6. O-O Nc6 7. dxc5 Qxd1
8. Rxd1 Bxc5 9. Nbd2 c3 10. bxc3 O-O 11. Nb3 Be7 12. Bf4 Bd7 13. Bd6 Bxd6
14. Rxd6 Rfc8 15. Nc5 Rc7 16. Nd4 Na5 17. Nxd7 Rxd7 18. Rxd7 Nxd7 19. Nb3
Nc6 20. Rd1 Nf8 21. Bxc6 bxc6 22. Rd6 Rc8 23. Nd4 Rb8 24. Nxc6 Rb2 25. Ne7+
1-0

[Event "Bunratty Masters 2020"]
[Site "Bunratty IRL"]
[Date "2020.02.22"]
[Round "2.11"]
[White "Ireland, David"]
[Black "Heidenfeld, Mark"]
[Result "1/2-1/2"]
[BlackTitle "IM"]
[WhiteElo "1969"]
[BlackElo "2361"]
[BlackICU "2297"]
[BlackClub "Kilkenny"]
[WhiteNationality "ENG"]
[BlackNationality "IRL"]
[WhiteFideId "413178"]
[BlackFideId "2500990"]
[PlyCount "59"]
[EventDate "2020.02.21"]

{ Event information: <a
href="http://www.irlchess.com/bunratty2020_allfiles/pairings_bunratty2020.html">Tournament
report</a>. }

1. d4 e6 2. Nf3 c5 3. c4 cxd4 4. Nxd4 Nf6 5. Nc3 d5 6. Bf4 a6 7. e3 Nc6 8.
Be2 Bd6 9. Bg3 O-O 10. cxd5 exd5 11. O-O Be6 12. Qa4 Bxg3 13. hxg3 Qb6 14.
Qb3 Qc7 15. Rac1 Rac8 16. Rfd1 Rfd8 17. Na4 Nxd4 18. exd4 Qxc1 19. Rxc1
Rxc1+ 20. Kh2 Ne4 21. Qe3 Re1 22. f3 b5 23. fxe4 bxa4 24. e5 Rc8 25. Qd2
Ra1 26. a3 Rb8 27. Bxa6 Ra2 28. Be2 h5 29. Qg5 Rbxb2 30. Bf3 1/2-1/2

[Event "Bunratty Masters 2020"]
[Site "Bunratty IRL"]
[Date "2020.02.22"]
[Round "2.12"]
[White "Li, Henry"]
[Black "Kolb, Markus"]
[Result "1/2-1/2"]
[WhiteTitle "FM"]
[WhiteElo "2310"]
[BlackElo "2025"]
[WhiteICU "2295"]
[WhiteClub "Gonzaga"]
[WhiteNationality "IRL"]
[BlackNationality "GER"]
[WhiteFideId "2508524"]
[BlackFideId "4690524"]
[PlyCount "104"]
[EventDate "2020.02.21"]

{ Event information: <a
href="http://www.irlchess.com/bunratty2020_allfiles/pairings_bunratty2020.html">Tournament
report</a>. }

1. e4 e6 2. d4 d5 3. Nc3 Bb4 4. e5 c5 5. a3 Bxc3+ 6. bxc3 Ne7 7. Qg4 Qa5 8.
Bd2 O-O 9. Bd3 Nbc6 10. Qh5 h6 11. dxc5 Bd7 12. Nf3 f6 13. O-O fxe5 14.
Nxe5 Nxe5 15. Qxe5 Qxc5 16. c4 Rf7 17. Bb4 Qc6 18. Rad1 dxc4 19. Be4 Nd5
20. Rxd5 exd5 21. Bxd5 Re8 22. Qd4 Qg6 23. Bxf7+ Qxf7 24. Qxa7 Bc6 25. Qd4
Re4 26. Qd1 Qe6 27. Qd6 Qxd6 28. Bxd6 Re2 29. c3 Rd2 30. Bf4 Rd3 31. Be5
Ba4 32. f4 Rd1 33. Rxd1 Bxd1 34. Kf2 Kf7 35. Ke3 g6 36. Kd4 b5 37. Kc5 Ba4
38. g4 h5 39. g5 Ke6 40. Bd4 Kf5 41. Be3 Ke6 42. Bc1 Kf5 43. Kb6 Ke6 44.
Kc7 Bb3 45. Kd8 Kf5 46. Ke7 Ba4 47. Kd6 Bb3 48. Kd5 Ba4 49. h4 Bb3 50. Be3
Ba4 51. Ba7 Bb3 52. Bb8 Ba4 1/2-1/2

[Event "Bunratty Masters 2020"]
[Site "Bunratty IRL"]
[Date "2020.02.22"]
[Round "2.13"]
[White "Grochowalski, Pawel"]
[Black "Weischede, Thomas"]
[Result "1/2-1/2"]
[BlackTitle "FM"]
[WhiteElo "2099"]
[BlackElo "2276"]
[WhiteNationality "POL"]
[BlackNationality "GER"]
[WhiteFideId "1115197"]
[BlackFideId "4617584"]
[PlyCount "47"]
[EventDate "2020.02.21"]
[WhiteFullName "Grochowalski, Pawe&#322;"]

{ Event information: <a
href="http://www.irlchess.com/bunratty2020_allfiles/pairings_bunratty2020.html">Tournament
report</a>. }

1. d4 Nf6 2. Bg5 d5 3. e3 Nbd7 4. Nd2 g6 5. Ngf3 Bg7 6. Bd3 O-O 7. O-O c5
8. c3 h6 9. Bh4 Qb6 10. Rb1 Re8 11. h3 e5 12. dxe5 Nxe5 13. Nxe5 Rxe5 14.
c4 Bf5 15. Bxf5 Rxf5 16. g4 Re5 17. Bg3 Ree8 18. cxd5 Nxd5 19. Nc4 Qe6 20.
Nd6 Re7 21. Qf3 Nf6 22. Nxb7 Qe4 23. Qxe4 Nxe4 24. Nd6 1/2-1/2

[Event "Bunratty Masters 2020"]
[Site "Bunratty IRL"]
[Date "2020.02.22"]
[Round "2.14"]
[White "Mannion, Stephen R."]
[Black "Rawlinson, Aidan"]
[Result "1/2-1/2"]
[WhiteTitle "IM"]
[WhiteElo "2266"]
[BlackElo "2181"]
[WhiteNationality "SCO"]
[BlackNationality "ENG"]
[WhiteFideId "2400111"]
[BlackFideId "413496"]
[PlyCount "56"]
[EventDate "2020.02.21"]

{ Event information: <a
href="http://www.irlchess.com/bunratty2020_allfiles/pairings_bunratty2020.html">Tournament
report</a>. }

1. e4 g6 2. d4 Bg7 3. Nc3 d6 4. f4 Nf6 5. Nf3 O-O 6. Bd3 Nc6 7. e5 dxe5 8.
fxe5 Nh5 9. Be3 Bg4 10. Be2 f6 11. d5 Nxe5 12. Nxe5 Bxe2 13. Qxe2 fxe5 14.
O-O-O Qd7 15. Qc4 Kh8 16. Rhe1 Nf4 17. Rd2 a6 18. g3 Nh5 19. Kb1 Rf3 20. a4
Raf8 21. a5 Nf6 22. Qb4 Rxe3 23. Rxe3 Bh6 24. Ree2 Bxd2 25. Rxd2 c6 26. d6
exd6 27. Qxd6 Qxd6 28. Rxd6 Kg7 1/2-1/2

[Event "Bunratty Masters 2020"]
[Site "Bunratty IRL"]
[Date "2020.02.22"]
[Round "2.15"]
[White "McMorrow, John"]
[Black "Wall, Tim"]
[Result "1/2-1/2"]
[BlackTitle "FM"]
[WhiteElo "1986"]
[BlackElo "2201"]
[WhiteICU "1988"]
[WhiteClub "Gonzaga"]
[WhiteNationality "IRL"]
[BlackNationality "ENG"]
[WhiteFideId "2501481"]
[BlackFideId "401641"]
[PlyCount "42"]
[EventDate "2020.02.21"]

{ Event information: <a
href="http://www.irlchess.com/bunratty2020_allfiles/pairings_bunratty2020.html">Tournament
report</a>. }

1. e4 Nf6 2. e5 Nd5 3. d4 Nb6 4. Nf3 d5 5. Bg5 Bg4 6. h3 Bxf3 7. Qxf3 Qd7
8. Bd3 e6 9. O-O c5 10. c3 Nc6 11. Bb5 Be7 12. dxc5 Bxg5 13. cxb6 a6 14.
Qg3 Qd8 15. Bxc6+ bxc6 16. a4 a5 17. c4 dxc4 18. Na3 O-O 19. Rad1 Qe7 20.
Nxc4 Qc5 21. Nd6 Bd8 1/2-1/2